| 000 -LEADER |
| fixed length control field |
00437cam a22001337a 4500 |
| 008 - FIXED-LENGTH DATA ELEMENTS--GENERAL INFORMATION |
| fixed length control field |
180718b1980 xxu||||| |||| 00| 0 eng d |
| 082 ## - DEWEY DECIMAL CLASSIFICATION NUMBER |
| Classification number |
T19 Eu74 |
| 245 ## - TITLE STATEMENT |
| Title |
Europe's role in world development: conference |
| 260 ## - PUBLICATION, DISTRIBUTION, ETC. |
| Place of publication, distribution, etc. |
Milan |
| Name of publisher, distributor, etc. |
Finafirca - Cariplo |
| Date of publication, distribution, etc. |
1980 |
| 300 ## - PHYSICAL DESCRIPTION |
| Extent |
169p. |
| 500 ## - GENERAL NOTE |
| General note |
Paper; Conference held on 19-22 Sept. 1978 at Milano |
| 650 ## - SUBJECT ADDED ENTRY--TOPICAL TERM |
| Topical term or geographic name entry element |
Economic Development |
| 700 ## - ADDED ENTRY--PERSONAL NAME |
| Personal name |
European Association of Development Institutes |